Los sueños terrestres
Sábháilte in:
| Príomhchruthaitheoir: | |
|---|---|
| Formáid: | LEABHAR |
| Teanga: | Spáinnis |
| Foilsithe / Cruthaithe: |
Santiago
Nascimento
1964
|
| Ábhair: | |
| Clibeanna: |
Cuir clib leis
Níl clibeanna ann, Bí ar an gcéad duine le clib a chur leis an taifead seo!
|
MARC
| LEADER | 00000nam a2200000 a 4500 | ||
|---|---|---|---|
| 001 | UCM6355 | ||
| 003 | CL-VaPUC | ||
| 008 | 021108e19640000CL |||||||||||||||||spa|d | ||
| 082 | 0 | 4 | |a Ch861 |b GON |2 21 |
| 100 | |a González-Urízar, Fernando |e author |9 475223 | ||
| 245 | 1 | 4 | |a Los sueños terrestres |
| 300 | |a 165 p | ||
| 942 | |c BK | ||
| 945 | |d 20021108 00:00:00 |a vberengu | ||
| 260 | |a Santiago |b Nascimento |c 1964 | ||
| 500 | |a Regreso | ||
| 500 | |a Instante | ||
| 500 | |a Llueve | ||
| 500 | |a Cielo del sur | ||
| 500 | |a El viento | ||
| 500 | |a De vuelta | ||
| 500 | |a El aromo | ||
| 500 | |a Dormir al sol | ||
| 500 | |a En el bosque | ||
| 500 | |a Barbalumbre | ||
| 500 | |a Brillo ciego | ||
| 500 | |a Rama de aire | ||
| 500 | |a Fuente | ||
| 500 | |a La despensa | ||
| 500 | |a Carrusel | ||
| 500 | |a A la sin rumbo | ||
| 500 | |a Patio de mi casa | ||
| 500 | |a La umbría | ||
| 500 | |a Llanto por el hermano solo | ||
| 500 | |a Hermano mayor | ||
| 500 | |a Joya celeste | ||
| 500 | |a Nómbrame | ||
| 500 | |a Madrigal | ||
| 500 | |a Trece uvas hermosísimas | ||
| 500 | |a Joven | ||
| 500 | |a Pavana | ||
| 500 | |a Cerca de ti | ||
| 500 | |a Estación interior | ||
| 500 | |a Viéndote callar | ||
| 500 | |a Agua de silencio | ||
| 500 | |a Salida del sueño | ||
| 500 | |a Alegría | ||
| 500 | |a Eres brocal | ||
| 500 | |a Ternura | ||
| 500 | |a Melancolía | ||
| 500 | |a Nadie en tu sangre | ||
| 500 | |a Solar de lluvia | ||
| 500 | |a Alguien, alguna vez | ||
| 500 | |a Ven, amiga | ||
| 500 | |a Por qué no llegas | ||
| 500 | |a Dulce regocijo | ||
| 500 | |a Llévate mis alas | ||
| 500 | |a Llamarada | ||
| 500 | |a Delirio | ||
| 500 | |a Devórame | ||
| 500 | |a Espesura | ||
| 500 | |a Golondrina | ||
| 500 | |a Cuida tu pura forma limpia | ||
| 500 | |a Angustia | ||
| 500 | |a Sólo tú y yo | ||
| 500 | |a Abeja sola | ||
| 500 | |a Aniversario | ||
| 650 | 0 | |a Poesías chilenas |9 265280 | |
| 650 | 0 | |a Literatura chilena |9 308278 | |
| 583 | |a last modification |c 20150924 21:40:24 |k Rodrigo Vera | ||
| 999 | |c 301766 |d 301764 | ||
| 952 | |0 0 |1 0 |4 0 |6 CH_861_000000000000000_GON_1964 |7 0 |8 A |9 361368 |a BIBEDU |b BIBEDU |d 2019-11-21 |i 3857697 |o Ch861 GON 1964 |p 3857697 |r 2019-11-21 |w 2019-11-21 |y BK |k LIT | ||
| 952 | |0 0 |1 0 |4 0 |6 CH_861_000000000000000_GON_1964 |7 0 |8 A |9 361369 |a BIBEDU |b BIBEDU |d 2019-11-21 |i 3857700 |o Ch861 GON 1964 |p 3857700 |r 2019-11-21 |w 2019-11-21 |y BK |k LIT | ||
| 952 | |0 0 |1 0 |4 0 |6 CH_861_000000000000000_GON_1964 |7 0 |8 A |9 361372 |a BIBEDU |b BIBEDU |d 2019-11-21 |i 3857980 |o Ch861 GON 1964 |p 3857980 |r 2019-11-21 |w 2019-11-21 |y BK |k BME | ||